A bad year for dragons : (Record no. 9525)

MARC details
000 -LEADER
fixed length control field 00918nam a22002897a 4500
001 - CONTROL NUMBER
control field 9525
003 - CONTROL NUMBER IDENTIFIER
control field FISKH
005 - DATE AND TIME OF LATEST TRANSACTION
control field 20260119102814.0
008 - FIXED-LENGTH DATA ELEMENTS--GENERAL INFORMATION
fixed length control field 260119b cb ||||| |||| 00| 0 eng d
020 ## - INTERNATIONAL STANDARD BOOK NUMBER
International Standard Book Number 0819215120
040 ## - CATALOGING SOURCE
Original cataloging agency FISKH
Language of cataloging eng
Transcribing agency FISKH
Modifying agency FISKH
050 ## - LIBRARY OF CONGRESS CALL NUMBER
Classification number PZ8.R89 B
082 ## - DEWEY DECIMAL CLASSIFICATION NUMBER
Classification number 398.22
100 ## - MAIN ENTRY--PERSONAL NAME
Personal name Ryan, John
Relator term Author
245 ## - TITLE STATEMENT
Title A bad year for dragons :
Remainder of title The legend of Saint George /
Statement of responsibility, etc. Retold and drawn by John Ryan
260 ## - PUBLICATION, DISTRIBUTION, ETC.
Place of publication, distribution, etc. Milton :
Name of publisher, distributor, etc. Morehouse Publishing ,
Date of publication, distribution, etc. 1986
300 ## - PHYSICAL DESCRIPTION
Extent 28 unnumbered pages :
Other physical details color illustrations ;
Dimensions 22 cm
505 ## - FORMATTED CONTENTS NOTE
Formatted contents note R<br/>
520 ## - SUMMARY, ETC.
Summary, etc. Retells the legend of Saint George, in which the brave horseman saves a city from a terrible dragon.
521 8# - TARGET AUDIENCE NOTE
Target audience note 750<br/>
Source Lexile estimate<br/>
521 8# - TARGET AUDIENCE NOTE
Target audience note R<br/>
Source Raz-Plus<br/>
650 ## - SUBJECT ADDED ENTRY--TOPICAL TERM
Topical term or geographic name entry element Folklore
Form subdivision England
650 ## - SUBJECT ADDED ENTRY--TOPICAL TERM
Topical term or geographic name entry element Knights
Form subdivision Knighthood
700 ## - ADDED ENTRY--PERSONAL NAME
Personal name Ryan, John
Relator term Illustrator
942 ## - ADDED ENTRY ELEMENTS (KOHA)
Source of classification or shelving scheme Dewey Decimal Classification
Koha item type Books
Suppress in OPAC No
Holdings
Withdrawn status Lost status Source of classification or shelving scheme Damaged status Not for loan Collection Home library Current library Shelving location Date acquired Total Checkouts Full call number Barcode Date last seen Copy number Price effective from Koha item type
    Dewey Decimal Classification     Juvenile Fiction Footprints International School Library Network Toul Tom Poung Campus Footprints International School Library Network Toul Tom Poung Campus TTP Primary Orange Bookshelves 01/19/2026   RYA 398.22 PZ8.R89 B FIS01672 01/19/2026 1 01/19/2026 Books